Повышение урожайности сельскохозяйственных культур применением нанотехнологий (Запись № 4667143)
[ простой вид ]
| 000 -МАРКЕР | |
|---|---|
| контрольное поле | 02718nam0a2200409 i 4500 |
| 001 - ИДЕНТИФИКАТОР ЗАПИСИ | |
| контрольное поле | RU\NLR\bibl\2070320 |
| 005 - ИДЕНТИФИКАТОР ВЕРСИИ | |
| контрольное поле | 20260407093346.0 |
| 010 ## - МЕЖДУНАРОДНЫЙ СТАНДАРТНЫЙ НОМЕР КНИГИ (ISBN) | |
| Номер (ISBN) | 9785736709717 |
| Тираж | 500 |
| 021 ## - НОМЕР ГОСУДАРСТВЕННОЙ РЕГИСТРАЦИИ | |
| Код страны | Российская Федерация |
| Номер | 2013-61334 |
| Номер Листа государственной регистраци | 4208 |
| 035 ## - ДРУГИЕ СИСТЕМНЫЕ НОМЕРА | |
| Идентификатор записи | (nilc)RuMoRGB-006626367 |
| 035 ## - ДРУГИЕ СИСТЕМНЫЕ НОМЕРА | |
| Идентификатор записи | (NLR Aleph) 002056669 |
| 100 ## - ДАННЫЕ ОБЩЕЙ ОБРАБОТКИ | |
| Данные общей обработки | 20130805d2013 u y0rusy50 ca |
| 101 0# - ЯЗЫК РЕСУРСА | |
| Язык текста, звукозаписи и т.д. | русский |
| Язык резюме | английский |
| 102 ## - СТРАНА ПУБЛИКАЦИИ ИЛИ ПРОИЗВОДСТВА | |
| Страна публикации | Российская Федерация |
| 105 ## - ПОЛЕ КОДИРОВАННЫХ ДАННЫХ: ТЕКСТОВЫЕ МАТЕРИАЛЫ, МОНОГРАФИЧЕСКИЕ | |
| Кодированные данные о монографическом текстовом документе | a zzzz||||| |
| 200 1# - ЗАГЛАВИЕ И СВЕДЕНИЯ ОБ ОТВЕТСТВЕННОСТИ | |
| Основное заглавие | Повышение урожайности сельскохозяйственных культур применением нанотехнологий |
| Первые сведения об ответственности | [В.Ф. Федоренко, Д.С. Буклагин, И.Г. Голубев, Л.А. Неменущая] |
| Последующие сведения об ответственности | М-во сельского хоз-ва Российской Федерации, Федеральное гос. бюджетное научное учреждение "Российский науч.-исслед. ин-т информации и технико-экономических исслед. по инженерно-техническому обеспечению агропромышленного комплекса" (ФГБНУ "Росинформагротех") |
| 210 ## - ПУБЛИКАЦИЯ, РАСПРОСТРАНЕНИЕ И ДР. | |
| Место издания, распространения и т.д. | Москва |
| Имя издателя, распространителя и т. д. | Росинформагротех |
| Дата издания, распространения и т.д. | 2013 |
| 215 ## - ФИЗИЧЕСКАЯ ХАРАКТЕРИСТИКА | |
| Специфическое обозначение материала и объем | 94 с. |
| Другие сведения о физической характеристике | ил., табл. |
| Размеры | 20 |
| 300 ## - ОБЩИЕ ПРИМЕЧАНИЯ | |
| Текст примечания | Авт. указаны на обороте тит.л. |
| 300 ## - ОБЩИЕ ПРИМЕЧАНИЯ | |
| Текст примечания | Рез. на англ. яз. |
| 320 ## - ПРИМЕЧАНИЯ О НАЛИЧИИ В ДОКУМЕНТЕ БИБЛИОГРАФИИ / УКАЗАТЕЛЯ | |
| Текст примечания | Библиогр.: с. 84-93 (104 назв.) |
| 606 ## - НАИМЕНОВАНИЕ ТЕМЫ КАК ПРЕДМЕТ | |
| Наименование темы | Урожайность |
| Тематический подзаголовок | Повышение |
| -- | Применение нанотехнологий |
| Системный номер авторитетной/нормативной записи | 2158017 |
| Идентификатор авторитетной/нормативной записи | RU\NLR\auth\661603673 |
| 686 ## - ИНДЕКСЫ ДРУГИХ КЛАССИФИКАЦИЙ | |
| Индекс | П147 |
| 701 #1 - ИМЯ ЛИЦА - АЛЬТЕРНАТИВНАЯ ОТВЕТСТВЕННОСТЬ | |
| Код отношения | Автор |
| Графика поля | Кириллица |
| Материалы, к которым относится поле | rus |
| Начальный элемент ввода | Федоренко |
| Часть имени, кроме начального элемента ввода | В. Ф. |
| Даты | 1951- |
| Расширение инициалов личного имени | Вячеслав Филиппович |
| Системный номер авторитетной/нормативной записи | 57536 |
| Идентификатор авторитетной/нормативной записи | RU\NLR\auth\7774608 |
| 701 #1 - ИМЯ ЛИЦА - АЛЬТЕРНАТИВНАЯ ОТВЕТСТВЕННОСТЬ | |
| Код отношения | Автор |
| Материалы, к которым относится поле | rus |
| Графика поля | Кириллица |
| Начальный элемент ввода | Буклагин |
| Часть имени, кроме начального элемента ввода | Д. С. |
| Расширение инициалов личного имени | Дмитрий Саввич |
| Идентификатор авторитетной/нормативной записи | RU\NLR\auth\7774650 |
| Системный номер авторитетной/нормативной записи | 57578 |
| 701 #1 - ИМЯ ЛИЦА - АЛЬТЕРНАТИВНАЯ ОТВЕТСТВЕННОСТЬ | |
| Код отношения | Автор |
| Графика поля | Кириллица |
| Материалы, к которым относится поле | rus |
| Начальный элемент ввода | Голубев |
| Часть имени, кроме начального элемента ввода | И. Г. |
| Дополнения к именам, кроме дат | д-р техн. наук |
| Даты | 1952- |
| Расширение инициалов личного имени | Иван Григорьевич |
| Системный номер авторитетной/нормативной записи | 27793 |
| Идентификатор авторитетной/нормативной записи | RU\NLR\AUTH\7744853 |
| 701 #1 - ИМЯ ЛИЦА - АЛЬТЕРНАТИВНАЯ ОТВЕТСТВЕННОСТЬ | |
| Начальный элемент ввода | Неменущая |
| Часть имени, кроме начального элемента ввода | Л. А. |
| Расширение инициалов личного имени | Людмила Алексеевна |
| Код отношения | Автор |
| 712 02 - НАИМЕНОВАНИЕ ОРГАНИЗАЦИИ - ВТОРИЧНАЯ ОТВЕТСТВЕННОСТЬ | |
| Код отношения | Прочие |
| Начальный элемент ввода | Российский НИИ информации и технико-экономических исследований по инженерно-техническому обеспечению агропромышленного комплекса |
| Идентифицирующий признак | пос. Правдинский, Московская обл. |
| Идентификатор авторитетной/нормативной записи | RU\NLR\AUTH\8826104 |
| Системный номер авторитетной/нормативной записи | 327418 |
| 801 #0 - ИСТОЧНИК ЗАПИСИ | |
| Страна | Российская Федерация |
| Организация | RuMoRKP |
| Дата составления | 20130805 |
| Правила каталогизации | RCR |
| 801 #2 - ИСТОЧНИК ЗАПИСИ | |
| Страна | Российская Федерация |
| Организация | РГБ |
| Дата составления | 20130822 |
| Правила каталогизации | rcr |
| 801 #1 - ИСТОЧНИК ЗАПИСИ | |
| Страна | Российская Федерация |
| Организация | RuMoRKP |
| Дата составления | 20130805 |
| Источник данных | rusmarc |
| 801 #2 - ИСТОЧНИК ЗАПИСИ | |
| Страна | Российская Федерация |
| Организация | NLR |
| Дата составления | 20130910 |
| Правила каталогизации | rcr |
| 942 ## - ДОПОЛНИТЕЛЬНЫЕ ЭЛЕМЕНТЫ ЗАПИСИ (АБИС) | |
| Тип экземпляра АБИС | Книга |
| 980 ## - КОЛЛЕКЦИЯ | |
| Название коллекции | НБР |
Нет доступных экземпляров.